00997nam a2200289 a 450000500170000000800410001702000150005804000270007304100080010004400070010808200180011510000310013324501240016426000450028830000480033350500580038165000280043965000320046765000320049965000230053165000250055465000350057965000300061465000120064465000250065665000260068120200104041548.0140314s2002 ck a gr|||| 000 0 spa d a958698088X aCO-BoIAVH cCO-BoIAVH 0 aspa ack04a633.39bR78g11 aRíos Katto, Clara Inés10aGuía para el cultivo y aprovechamiento del botón de oro Tithonia diversifolia (Hemsl.) Gray /cCovenio Andres Bello aBogotá :bCovenio Andres Bello,c2002. a41 páginas :bIlustraciones,c27 x 21 cm. aIncluye referencias bibliográficas páginas 27-30.16aBotón de oroxCultivo26aBotón de oroxTaxonomía24aAprovechamiento de recursos24aPlantas forrajeras24aPlantas alimenticias24aAlimentación de los animales24aPlantas para cercas vivas24aCultivo24aPlantas ornamentales24aTithonia diversifolia